000 00549nam a2200181 4500
999 _c165767
_d165767
005 20190629122558.0
010 _aENG-125825
020 _a9789353166144
_c845.00
035 _aEN-109357
037 _bDBAD/PUB
082 _a530
100 _aBajaj, N.K.
245 _aComplete physics /
_cby N.K.Bajaj
260 _aChennai
_bMc Graw Hill Education
_c2019
270 _a444/1, Sri Ekambara Naicker Industrial Estate
_bAlapakkam , Porur, Chennai
_e600116
300 _avarious paging
_c28cm(pbk)
942 _2ddc
_cEN
_h530
_mBAJ